书目信息 |
| 题名: |
Visual Foxpro数据库与程序设计
|
|
| 作者: | 杨永 , 周凯 , 吴明涛 主编 | |
| 分册: | ||
| 出版信息: | 北京 中国石化出版社 2017.1 |
|
| 页数: | 242页 | |
| 开本: | 26cm | |
| 丛书名: | ||
| 单 册: | ||
| 中图分类: | TP311.132.3- , TP311.138VF-43 | |
| 科图分类: | ||
| 主题词: | 关系数据库--数据库管理系统,Visual FoxPro--程序设计--高等学校--教材 | |
| 电子资源: | ||
| ISBN: | 978-7-5114-4231-4 | |
| 000 | 01292nam0 2200301 450 | |
| 001 | 0500003366 | |
| 005 | 20171022090936.0 | |
| 010 | @a978-7-5114-4231-4@dCNY32.00 | |
| 100 | @a20170215d2017 em y0chiy50 ea | |
| 101 | 0 | @achi |
| 102 | @aCN@b110000 | |
| 105 | @ay az 000yy | |
| 106 | @ar | |
| 200 | 1 | @aVisual Foxpro数据库与程序设计@9Visual Foxpro shu ju ku yu cheng xu she ji@f杨永,周凯,吴明涛主编 |
| 210 | @a北京@c中国石化出版社@d2017.1 | |
| 215 | @a242页@d26cm | |
| 300 | @a普通高等教育“十三五”规划教材 | |
| 320 | @a有书目(第242页) | |
| 330 | @a本书以Visual FoxPro 6.0为版本,采用案例驱动的教学方法,依据编者丰富的教学经验,精心设计了25个教学案例,每个案例由“案例描述”、“操作步骤”、“相关知识”和“案例扩展”等几个部分组成。全书共分为7章,读者可以边任务制作,边学习相关知识和技巧。本书将VisualFoxPro面向过程和面向对象的程序设计思想有机地结合起来,通过案例的完成使学生分析问题和解决问题的能力得到锻炼和提高。 | |
| 606 | 0 | @a关系数据库@x数据库管理系统,Visual FoxPro@x程序设计@x高等学校@j教材 |
| 610 | 0 | @aVisual FoxPro |
| 690 | @aTP311.132.3-@v5 | |
| 690 | @aTP311.138VF-43@v5 | |
| 701 | 0 | @a杨永@9yang yong@4主编 |
| 701 | 0 | @a周凯@9zhou kai@4主编 |
| 701 | 0 | @a吴明涛@9wu ming tao@4主编 |
| 801 | 0 | @aCN@b91MARC@c20171022 |
| 905 | @b1036191-5@dTP311.132.3-@f5@e1178 | |
| Visual Foxpro数据库与程序设计/杨永,周凯,吴明涛主编.-北京:中国石化出版社,2017.1 |
| 242页;26cm |
| 普通高等教育“十三五”规划教材 |
| ISBN 978-7-5114-4231-4:CNY32.00 |
| 本书以Visual FoxPro 6.0为版本,采用案例驱动的教学方法,依据编者丰富的教学经验,精心设计了25个教学案例,每个案例由“案例描述”、“操作步骤”、“相关知识”和“案例扩展”等几个部分组成。全书共分为7章,读者可以边任务制作,边学习相关知识和技巧。本书将VisualFoxPro面向过程和面向对象的程序设计思想有机地结合起来,通过案例的完成使学生分析问题和解决问题的能力得到锻炼和提高。 |
| ● |
| 相关链接 |
|
|
|
|
正题名:Visual Foxpro数据库与程序设计
索取号:TP311.132.3-/1178
 
预约/预借
| 序号 | 登录号 | 条形码 | 馆藏地/架位号 | 状态 | 备注 |
| 1 | 1036191 | 210361918 | 第二样本阅览室/ [索取号:TP311.132.3-/1178] | 在馆 | |
| 2 | 1036192 | 210361927 | 密集书库—计算机科学学院/ [索取号:TP311.132.3-/1178] | 在馆 | |
| 3 | 1036193 | 210361936 | 第三借阅区/ [索取号:TP311.132.3-/1178] | 在馆 | |
| 4 | 1036194 | 210361945 | 第三借阅区/ [索取号:TP311.132.3-/1178] | 在馆 | |
| 5 | 1036195 | 210361954 | 第三借阅区/ [索取号:TP311.132.3-/1178] | 在馆 |